Auxilios del Estado para la construcción de casas baratas. (Record no. 27035)

MARC details
000 -LEADER
campo de control de longitud fija 00597nam a2200181 i 4500
001 - NÚMERO DE CONTROL
campo de control 27035
003 - IDENTIFICADOR DE NÚMERO DE CONTROL
campo de control ES-MaACL
005 - FECHA Y HORA DE LA ÚLTIMA TRANSACCIÓN
campo de control 20230906153540.0
007 - CAMPO FIJO DE DESCRIPCIÓN FÍSICA--INFORMACIÓN GENERAL
campo de control de longitud fija t|
008 - DATOS DE LONGITUD FIJA--INFORMACIÓN GENERAL
campo de control de longitud fija 030113s1922 sp ||||1| spa d
245 00 - MENCIÓN DEL TÍTULO
Título Auxilios del Estado para la construcción de casas baratas.
260 ## - PUBLICACIÓN, DISTRIBUCIÓN, ETC.
Lugar de publicación, distribución, etc. Madrid :
Nombre del editor, distribuidor, etc. [s.n.,
Fecha de publicación, distribución, etc. 1922] (
Fabricante Sobrinos Sucesores de Minuesa de los Ríos)
300 ## - DESCRIPCIÓN FÍSICA
Extensión 27 p. ;
Dimensiones 22 cm.
500 ## - NOTA GENERAL
Nota general Folletos de información Num. 2.
594 ## - Nota al título y mención de responsabilidad
Nota al título y mención de responsabilidad Precede al tít: Instituto de Reformas Sociales.
650 #4 - PUNTO DE ACCESO ADICIONAL DE MATERIA--TÉRMINO DE MATERIA
Término de materia o nombre geográfico como elemento de entrada Viviendas de protección oficial.
9 (RLIN) 149608
852 ## - LOCALIZACIÓN
Ubicación ES-MaACL
Número de control de estantería 1651-F-13
Holdings
Estatus retirado Estado de pérdida Estado de daño No para préstamo Colección Biblioteca de origen Biblioteca actual Ubicación en estantería Fecha de adquisición Fuente de adquisición Total de préstamos Signatura topográfica completa Código de barras Visto por última vez Precio de reemplazo Tipo de ítem Koha
        Colección de folletos Biblioteca del Ateneo de Madrid Biblioteca del Ateneo de Madrid Depósito folletos 17/01/2008     1651-F-13 1027904 23/02/2023 23/02/2023 Folleto